Southville International School and Colleges
Your cart is empty.
  • Cart
  • Lists
    Public lists Eva Luna New books Lux_list list_1
    Your lists Log in to create your own lists
  • Log in to your account
  • Your cookies
  • Search history
Southville International School and Colleges
  • Advanced search
  • Recent comments
  • Most popular
  • Libraries

Log in to your account

Log in with GOOGLE


If you do not have an external account, but do have a local account, you can still log in:

  1. Home
  2. MARC view: Summer of miracles /
Normal view MARC view ISBD view

Summer of miracles / (Record no. 8585)

[ view plain ]
MARC details
000 -LEADER
fixed length control field 00878nam a2200277 a 4500
001 - CONTROL NUMBER
control field 4381168
003 - CONTROL NUMBER IDENTIFIER
control field SISC
005 - DATE AND TIME OF LATEST TRANSACTION
control field 20160204102039.0
008 - FIXED-LENGTH DATA ELEMENTS--GENERAL INFORMATION
fixed length control field 910322s1991 flu 000 0beng
010 ## - LIBRARY OF CONGRESS CONTROL NUMBER
LC control number 91055233
020 ## - INTERNATIONAL STANDARD BOOK NUMBER
International Standard Book Number 0860659968
040 ## - CATALOGING SOURCE
Original cataloging agency DLC
Transcribing agency DLC
043 ## - GEOGRAPHIC AREA CODE
Geographic area code n-us-fl
050 00 - LIBRARY OF CONGRESS CALL NUMBER
Classification number RC 265.6
Item number .B923 1992
082 00 - DEWEY DECIMAL CLASSIFICATION NUMBER
Classification number HS 248.32
Item number B856 1991
100 1# - MAIN ENTRY--PERSONAL NAME
Personal name Buckingham, Jamie
9 (RLIN) 10310
245 10 - TITLE STATEMENT
Title Summer of miracles /
Statement of responsibility, etc Jamie Buckingham.
260 ## - PUBLICATION, DISTRIBUTION, ETC. (IMPRINT)
Place of publication, distribution, etc Eastbourne :
Name of publisher, distributor, etc Kingsway Publications,
Date of publication, distribution, etc c1992.
300 ## - PHYSICAL DESCRIPTION
Extent 320 p. :
Dimensions 18 cm.
600 10 - SUBJECT ADDED ENTRY--PERSONAL NAME
Personal name Buckingham, Jamie
General subdivision Health.
9 (RLIN) 10311
650 #0 - SUBJECT ADDED ENTRY--TOPICAL TERM
Topical term or geographic name as entry element Cancer
General subdivision Patients
Geographic subdivision Florida
General subdivision Biography.
9 (RLIN) 10312
906 ## - LOCAL DATA ELEMENT F, LDF (RLIN)
a 7
b cbc
c orignew
d 3
e ocip
f 19
g y-gencatlg
942 ## - ADDED ENTRY ELEMENTS (KOHA)
Source of classification or shelving scheme Library of Congress Classification
Koha item type Books
Holdings
Withdrawn status Lost status Source of classification or shelving scheme Damaged status Home library Current library Shelving location Date acquired Total Checkouts Full call number Barcode Date last seen Copy number Price effective from Koha item type
    Library of Congress Classification   Luxembourg Library Luxembourg Library High School Section 08/14/2013   RC 265.6 .B923 1992 2485 05/27/2015 1 08/14/2013 Books

Summer of miracles /

APA

Buckingham J., . (1992). Summer of miracles. Eastbourne: Kingsway Publications.

Chicago

Buckingham Jamie, . 1992. Summer of miracles. Eastbourne: Kingsway Publications.

Harvard

Buckingham J., . (1992). Summer of miracles. Eastbourne: Kingsway Publications.

MLA

Buckingham Jamie, . Summer of miracles. Eastbourne: Kingsway Publications. 1992.

  • Place hold
  • Print
  • Cite
  • Add to your cart (remove)
  • Save record
    BIBTEX Dublin Core MARCXML MARC (non-Unicode/MARC-8) MARC (Unicode/UTF-8) MARC (Unicode/UTF-8, Standard) MODS (XML) RIS
  • More searches
    Search for this title in:
    Other Libraries (WorldCat) Other Databases (Google Scholar) Online Stores (Bookfinder.com) Open Library (openlibrary.org)

Exporting to Dublin Core...

SOUTHVILLE LIBRARY

Southville International School and Colleges Library

1281 Tropical Ave. Cor. Luxembourg St., BF Homes International, Las Pinas City

Tel. No. 8256374 / 252358 Loc. 117/146

Powered by Koha